[Event "Arad op 16th"]
[Site "Arad"]
[Date "2023.08.12"]
[Round "8"]
[White "Kazarian, Anna Maja"]
[Black "Liargovas, Dimitrios"]
[Result "1/2-1/2"]
[WhiteElo "2199"]
[BlackElo "1929"]
[PlyCount "66"]
[EventDate "2023.08.07"]
[EventType "swiss"]
[EventRounds "9"]
[EventCountry "ROU"]
[SourceTitle "EXT 2024"]
[Source "ChessBase"]
[SourceDate "2023.10.10"]
[SourceVersion "1"]
[SourceVersionDate "2023.10.10"]
[SourceQuality "1"]

1. e4 c5 2. Nc3 Nc6 3. g3 g6 4. Bg2 Bg7 5. Nge2 d6 6. 0-0 e6 7. d3 Nge7 8. Be3 0-0 9. Qd2 Nd4 10. Nd1 Rb8 11. Nxd4 cxd4 12. Bh6 b5 13. Bxg7 Kxg7 14. c3 Qb6 15. cxd4 Qxd4 16. Rc1 d5 17. Rc7 Rb7 18. Qa5 Rxc7 19. Qxc7 Re8 20. Nc3 b4 21. Nb5 Qb6 22. Qxb6 axb6 23. Rc1 Ba6 24. Nd6 Rd8 25. e5 Bxd3 26. Rc7 Kf8 27. Bf1 Bxf1 28. Kxf1 Ra8 29. Rb7 Rxa2 30. Rb8+ Kg7 31. Rb7 Kf8 32. Rb8+ Kg7 33. Rb7 Kf8 1/2-1/2

[Event "Arad op 16th"]
[Site "Arad"]
[Date "2023.08.07"]
[Round "1"]
[White "Bernadskiy, Vitaliy"]
[Black "Liargovas, Dimitrios"]
[Result "1-0"]
[WhiteElo "2530"]
[BlackElo "1929"]
[PlyCount "51"]
[EventDate "2023.08.07"]
[EventType "swiss"]
[EventRounds "9"]
[EventCountry "ROU"]
[SourceTitle "EXT 2024"]
[Source "ChessBase"]
[SourceDate "2023.10.10"]
[SourceVersion "1"]
[SourceVersionDate "2023.10.10"]
[SourceQuality "1"]

1. d4 Nf6 2. c4 e6 3. Nf3 Bb4+ 4. Bd2 Qe7 5. g3 0-0 6. Bg2 Nc6 7. 0-0 Bxd2 8. Nbxd2 d5 9. Qc2 h6 10. Rfe1 Rd8 11. Rad1 a5 12. e4 dxe4 13. Nxe4 Nxe4 14. Rxe4 Qd6 15. a3 Rb8 16. Rde1 e5 17. d5 f5 18. R4e2 e4 19. dxc6 exf3 20. Bxf3 bxc6 21. Re8+ Kf7 22. Rxd8 Qxd8 23. Bxc6 Qd4 24. Qe2 Kg6 25. Qe8+ Kh7 26. Bd5 1-0

[Event "GRE-ch Online Blitz op 1st"]
[Site "Tornelo INT"]
[Date "2021.02.07"]
[Round "9"]
[White "Koutlas, Nikolaos"]
[Black "Liargovas, Dimitrios"]
[Result "1-0"]
[WhiteElo "1525"]
[BlackElo "1820"]
[PlyCount "105"]
[EventDate "2021.02.07"]
[EventType "swiss (blitz)"]
[EventRounds "16"]
[EventCountry "GRE"]
[SourceTitle "EXT 2023"]
[Source "ChessBase"]
[SourceDate "2022.10.05"]
[SourceVersion "1"]
[SourceVersionDate "2022.10.05"]
[SourceQuality "1"]

1. e4 c5 2. Nf3 e6 3. d4 cxd4 4. Nxd4 Nf6 5. Nc3 Nc6 6. Ndb5 Bc5 7. Nd6+ Ke7 8. Bf4 e5 9. Nf5+ Kf8 10. Bg5 d6 11. Bc4 Bb4 12. 0-0 Bxc3 13. bxc3 Bxf5 14. exf5 h6 15. Bh4 Qe7 16. Rb1 Kg8 17. Bxf6 gxf6 18. Re1 Rh7 19. Re3 Qd7 20. Rd3 Rd8 21. Qh5 Kf8 22. f4 Qe7 23. Re1 Na5 24. Bd5 b6 25. Rg3 Ke8 26. Qe2 Qd7 27. fxe5 dxe5 28. Rd1 Qc7 29. Qb5+ Ke7 30. Qb4+ Qc5+ 31. Qxc5+ bxc5 32. Rgd3 h5 33. c4 h4 34. Ra3 Nc6 35. Rdd3 Nd4 36. Rxa7+ Rd7 37. Rxd7+ Kxd7 38. c3 Nc6 39. Bxf7+ Kc7 40. Be6 Rh8 41. Rd7+ Kb6 42. Rf7 Rh6 43. Bd5 Nd8 44. Rd7 Rh8 45. Rd6+ Kc7 46. Rxf6 Rh5 47. Rf8 Kd7 48. f6 Ne6 49. Rf7+ Kd6 50. Re7 Nf4 51. Re8 Rf5 52. f7 Nxd5 53. f8Q+ 1-0

[Event "GRE-ch Online Blitz op 1st"]
[Site "Tornelo INT"]
[Date "2021.02.07"]
[Round "8"]
[White "Liargovas, Dimitrios"]
[Black "Lytras, Iosif"]
[Result "0-1"]
[WhiteElo "1820"]
[BlackElo "1760"]
[PlyCount "104"]
[EventDate "2021.02.07"]
[EventType "swiss (blitz)"]
[EventRounds "16"]
[EventCountry "GRE"]
[SourceTitle "EXT 2023"]
[Source "ChessBase"]
[SourceDate "2022.10.05"]
[SourceVersion "1"]
[SourceVersionDate "2022.10.05"]
[SourceQuality "1"]

1. d4 Nf6 2. Nf3 e6 3. e3 c5 4. Bd3 b6 5. Nbd2 Bb7 6. 0-0 d5 7. c3 Be7 8. Qe2 Ne4 9. Ne5 0-0 10. f3 Nxd2 11. Bxd2 f6 12. Ng4 Nc6 13. Rae1 Rc8 14. Bb1 f5 15. Nf2 e5 16. dxe5 Nxe5 17. Bc1 Qc7 18. e4 fxe4 19. fxe4 d4 20. cxd4 cxd4 21. Nd3 Bd6 22. g3 Qd7 23. Nxe5 Bxe5 24. Bd3 Kh8 25. Bd2 Qe6 26. a3 Qa2 27. Bb4 Rxf1+ 28. Rxf1 Qe6 29. Qf3 Bf6 30. Qf5 Qxf5 31. Rxf5 h6 32. e5 Bg5 33. h4 Be3+ 34. Kh2 Re8 35. Bd6 Bd5 36. Rf8+ Rxf8 37. Bxf8 Kg8 38. Bd6 Kf7 39. Kh3 Ke6 40. Kg4 a5 41. b4 axb4 42. axb4 Bd2 43. Bf5+ Kf7 44. h5 Be6 45. Bxe6+ Kxe6 46. Kf3 Bc3 47. Ke4 d3 48. Kxd3 Bxe5 49. Bf8 Kf7 50. Ke4 Bxg3 51. Bxg7 Kxg7 52. Kd5 Bf2 0-1

[Event "GRE-ch Online Blitz op 1st"]
[Site "Tornelo INT"]
[Date "2021.02.07"]
[Round "1"]
[White "Vaidanis, Ektor"]
[Black "Liargovas, Dimitrios"]
[Result "1-0"]
[WhiteElo "1176"]
[BlackElo "1820"]
[PlyCount "99"]
[EventDate "2021.02.07"]
[EventType "swiss (blitz)"]
[EventRounds "16"]
[EventCountry "GRE"]
[SourceTitle "EXT 2023"]
[Source "ChessBase"]
[SourceDate "2022.10.05"]
[SourceVersion "1"]
[SourceVersionDate "2022.10.05"]
[SourceQuality "1"]

1. e4 c5 2. Nc3 Nc6 3. f4 d6 4. Bb5 a6 5. Bxc6+ bxc6 6. Nf3 e6 7. 0-0 d5 8. d3 Be7 9. Qe1 h5 10. h3 a5 11. a4 Ba6 12. Rf2 c4 13. d4 Nh6 14. Be3 Rb8 15. Rb1 g6 16. Ne5 Bb7 17. Ne2 dxe4 18. Nxc4 Bb4 19. c3 Be7 20. Ng3 f5 21. Ne5 Rg8 22. Qe2 Nf7 23. Qc4 Qd5 24. Qe2 Nxe5 25. dxe5 Bc5 26. Rd1 Qxd1+ 27. Qxd1 Bxe3 28. Qd6 Bxf2+ 29. Kxf2 Kf7 30. Qd7+ Kf8 31. Ne2 c5 32. Qc7 Re8 33. Qxb7 Rg7 34. Qb5 Rc7 35. Qxa5 Rec8 36. Qb5 Ke7 37. c4 Ra8 38. Nc3 Rd8 39. Ke2 h4 40. a5 Rcd7 41. Qxc5+ Kf7 42. Qe3 Ra8 43. b4 Rc7 44. c5 Rb7 45. Na2 Ke7 46. c6 Rc7 47. Qc5+ Ke8 48. Nc3 Kd8 49. Qd6+ Kc8 50. Qf8# 1-0

[Event "GRE-ch Online Rapid op 1st"]
[Site "Tornelo INT"]
[Date "2021.02.06"]
[Round "2"]
[White "Vagiakos, Fotios"]
[Black "Liargovas, Dimitrios"]
[Result "0-1"]
[WhiteElo "1242"]
[BlackElo "1948"]
[PlyCount "96"]
[EventDate "2021.02.06"]
[EventType "swiss (rapid)"]
[EventRounds "8"]
[EventCountry "GRE"]
[SourceTitle "EXT 2023"]
[Source "ChessBase"]
[SourceDate "2022.10.05"]
[SourceVersion "1"]
[SourceVersionDate "2022.10.05"]
[SourceQuality "1"]

1. e4 c5 2. Nf3 e6 3. d4 cxd4 4. Nxd4 Nf6 5. Nc3 Nc6 6. Be3 Bb4 7. Nxc6 bxc6 8. Bd3 Qa5 9. Bd2 d5 10. a3 Bxc3 11. Bxc3 Qd8 12. exd5 cxd5 13. Bb4 a5 14. Bc5 Qc7 15. b4 Qe5+ 16. Be2 Qc3+ 17. Kf1 axb4 18. Bxb4 Qe5 19. c3 Bd7 20. f3 Qe3 21. Qd4 Qxd4 22. cxd4 Ba4 23. Kf2 Kd7 24. Rhc1 Rhc8 25. Bd1 Bxd1 26. Rxd1 Rc2+ 27. Rd2 Rc4 28. Bc5 Kc6 29. Raa2 Nd7 30. Bb4 Nb6 31. Rac2 Kb5 32. Rb2 Na4 33. Rb3 Ka6 34. Kg3 Rac8 35. h3 Rc2 36. Rxc2 Rxc2 37. Bd6 Rc4 38. Rb4 Rxb4 39. axb4 Kb5 40. Bc5 Nc3 41. f4 Na2 42. Kg4 Nxb4 43. f5 Nc2 44. fxe6 fxe6 45. Kf4 Kc6 46. Ke5 Kd7 47. g4 Ne1 48. Ba7 Nd3# 0-1

[Event "Nikaia op 25th"]
[Site "Nikaia"]
[Date "2017.08.27"]
[Round "2"]
[White "Liargovas, Dimitrios"]
[Black "Kouskoutis, Georgios Alexandros"]
[Result "1/2-1/2"]
[WhiteElo "1988"]
[BlackElo "2270"]
[PlyCount "110"]
[EventDate "2017.08.26"]
[EventType "swiss"]
[EventRounds "9"]
[EventCountry "GRE"]
[SourceTitle "CBM 180 Extra"]
[Source "ChessBase"]
[SourceDate "2017.10.06"]
[SourceVersion "1"]
[SourceVersionDate "2017.10.06"]
[SourceQuality "1"]

1. d4 Nf6 2. Nf3 d5 3. e3 e6 4. Bd3 c5 5. c3 Nc6 6. Nbd2 Be7 7. 0-0 0-0 8. dxc5 Bxc5 9. e4 Be7 10. Qe2 Qc7 11. Re1 Rd8 12. e5 Nd7 13. Nb3 Nf8 14. h4 f6 15. Bf4 f5 16. h5 Bd7 17. Nfd4 Nxd4 18. Nxd4 Bc5 19. Nc2 a6 20. a4 Rab8 21. b4 Ba7 22. Bd2 Be8 23. Ra3 h6 24. Qf3 Qf7 25. Be2 Rbc8 26. Be3 Bxe3 27. Qxe3 f4 28. Qd3 Nh7 29. g4 fxg3 30. fxg3 Qe7 31. Nd4 Nf8 32. Rf1 Bd7 33. Qe3 a5 34. Ra2 axb4 35. cxb4 Qxb4 36. Bd3 Qe7 37. Raf2 Bxa4 38. Bb1 Bc6 39. Qd3 g6 40. Rxf8+ Rxf8 41. Qxg6+ Qg7 42. Qxg7+ Kxg7 43. Nxe6+ Kg8 44. Rxf8+ Rxf8 45. Nxf8 Kxf8 46. Kf2 Be8 47. g4 Bd7 48. Kf3 b5 49. Bc2 b4 50. Kf4 Be6 51. Bb3 Kg7 52. g5 Bf7 53. Kf5 Bxh5 54. gxh6+ Kxh6 55. Bxd5 Kg7 1/2-1/2

[Event "Anogia op 5th"]
[Site "Anogia"]
[Date "2016.07.16"]
[Round "6"]
[White "Liargovas, Dimitrios"]
[Black "Kourkoulos Arditis, Stamatis"]
[Result "1/2-1/2"]
[WhiteElo "1913"]
[BlackElo "2372"]
[PlyCount "94"]
[EventDate "2016.07.12"]
[EventType "swiss"]
[EventRounds "9"]
[EventCountry "GRE"]
[SourceTitle "CBM 173 Extra"]
[Source "ChessBase"]
[SourceDate "2016.08.29"]
[SourceVersion "1"]
[SourceVersionDate "2016.08.29"]
[SourceQuality "1"]

1. d4 Nf6 2. c4 e6 3. Nc3 Bb4 4. Qb3 c5 5. dxc5 Nc6 6. Nf3 Ne4 7. Bd2 Nxd2 8. Nxd2 Bxc5 9. e3 0-0 10. Be2 b6 11. a3 Bb7 12. Nf3 Rc8 13. Rd1 Be7 14. Qa4 d6 15. b4 a6 16. Qb3 Nb8 17. 0-0 Qc7 18. Rc1 Nd7 19. Rfd1 Rfd8 20. Nb1 Qb8 21. Nbd2 Qa8 22. Qb1 Nf6 23. Bf1 Kh8 24. Nd4 g6 25. Qb2 Rg8 26. Ne2 g5 27. Qd4 e5 28. Qb2 g4 29. Ng3 Rg5 30. c5 bxc5 31. bxc5 dxc5 32. Nc4 Nd5 33. e4 Nf6 34. Nb6 Qb8 35. Nxc8 Qxc8 36. Nf5 Qc7 37. Nxe7 Qxe7 38. Qd2 Nxe4 39. Qd8+ Qxd8 40. Rxd8+ Kg7 41. Bd3 Nf6 42. Rxc5 h5 43. Rc7 Bd5 44. Bc4 Bxc4 45. Rxc4 e4 46. a4 h4 47. Kf1 g3 1/2-1/2

[Event "Anogia op 5th"]
[Site "Anogia"]
[Date "2016.07.15"]
[Round "5"]
[White "Liargovas, Dimitrios"]
[Black "Townsend, M Paul"]
[Result "1-0"]
[WhiteElo "1913"]
[BlackElo "2260"]
[PlyCount "57"]
[EventDate "2016.07.12"]
[EventType "swiss"]
[EventRounds "9"]
[EventCountry "GRE"]
[SourceTitle "CBM 173 Extra"]
[Source "ChessBase"]
[SourceDate "2016.08.29"]
[SourceVersion "1"]
[SourceVersionDate "2016.08.29"]
[SourceQuality "1"]

1. d4 e6 2. c4 d5 3. Nc3 c5 4. cxd5 exd5 5. Bf4 Nc6 6. e3 c4 7. a3 Nf6 8. h3 Bd6 9. Nge2 h6 10. Qc2 0-0 11. g4 Bxf4 12. Nxf4 Re8 13. 0-0-0 Ne7 14. Bg2 Qd6 15. Qd2 Bd7 16. f3 Nc6 17. h4 Na5 18. Kb1 Nb3 19. Qf2 b5 20. g5 Bf5+ 21. Ka2 b4 22. gxf6 bxc3 23. bxc3 Rab8 24. Qg3 Bg6 25. Rb1 Rxe3 26. h5 Qxf4 27. Qxf4 Re2+ 28. Rb2 Rbe8 29. hxg6 1-0

[Event "Heraklion op 17th"]
[Site "Heraklion"]
[Date "2016.05.07"]
[Round "7"]
[White "Jansen, Norbert"]
[Black "Liargovas, Dimitrios"]
[Result "1-0"]
[WhiteElo "2088"]
[BlackElo "1934"]
[PlyCount "117"]
[EventDate "2016.05.02"]
[EventType "swiss"]
[EventRounds "9"]
[EventCountry "GRE"]
[SourceTitle "CBM 172 Extra"]
[Source "ChessBase"]
[SourceDate "2016.06.21"]
[SourceVersion "1"]
[SourceVersionDate "2016.06.21"]
[SourceQuality "1"]

1. e4 c5 2. Nf3 d6 3. d4 cxd4 4. Nxd4 Nf6 5. Nc3 g6 6. f3 Bg7 7. Be3 0-0 8. Qd2 Nc6 9. 0-0-0 d5 10. exd5 Nxd5 11. Nxc6 bxc6 12. Bd4 Nxc3 13. Qxc3 Bxd4 14. Rxd4 Qb6 15. Bc4 Ba6 16. Rhd1 Bxc4 17. Rxc4 Rad8 18. Rcd4 Rxd4 19. Qxd4 Qa5 20. a3 Qg5+ 21. Qd2 Qe5 22. f4 Qe6 23. Kb1 Rb8 24. Qd4 Qe2 25. Rd2 Qe1+ 26. Ka2 Qc1 27. b3 c5 28. Qe3 Qf1 29. Qxe7 Qxf4 30. Qd6 Qxd6 31. Rxd6 c4 32. bxc4 Rb7 33. Ra6 Kf8 34. c5 Ke7 35. c4 Rc7 36. Kb3 Kd8 37. Kc3 Rxc5 38. Rxa7 Rf5 39. Kd4 Rf2 40. Kd5 Rxg2 41. Rxf7 Rxh2 42. c5 h5 43. Rg7 Rd2+ 44. Kc6 Ra2 45. Rxg6 Rxa3 46. Rg8+ Ke7 47. Rh8 Rh3 48. Kc7 h4 49. c6 Rh1 50. Kb8 Rb1+ 51. Kc8 Rc1 52. c7 Rh1 53. Kb7 Rb1+ 54. Ka6 Ra1+ 55. Kb5 Rb1+ 56. Ka4 Rc1 57. c8Q Rxc8 58. Rxc8 Kf6 59. Rc5 1-0

[Event "Heraklion op 17th"]
[Site "Heraklion"]
[Date "2016.05.05"]
[Round "5"]
[White "Liargovas, Dimitrios"]
[Black "Papadopoulos, Argirios"]
[Result "0-1"]
[WhiteElo "1934"]
[BlackElo "2263"]
[PlyCount "120"]
[EventDate "2016.05.02"]
[EventType "swiss"]
[EventRounds "9"]
[EventCountry "GRE"]
[SourceTitle "CBM 172 Extra"]
[Source "ChessBase"]
[SourceDate "2016.06.21"]
[SourceVersion "1"]
[SourceVersionDate "2016.06.21"]
[SourceQuality "1"]

1. d4 Nf6 2. c4 e6 3. Nc3 Bb4 4. e3 0-0 5. Nge2 c6 6. a3 Ba5 7. b4 Bc7 8. d5 d6 9. g3 a5 10. Bb2 cxd5 11. cxd5 e5 12. Bg2 Na6 13. 0-0 Bd7 14. Qb3 Bb6 15. Rfc1 Ba7 16. Kh1 Qb6 17. h3 axb4 18. axb4 Qxb4 19. Qd1 Bc5 20. Ba3 Qb6 21. Rcb1 Qc7 22. g4 Bxa3 23. Rxa3 Nc5 24. Rxa8 Rxa8 25. g5 Ne8 26. Ra1 Rxa1 27. Qxa1 Qd8 28. f4 Qe7 29. Kh2 exf4 30. exf4 Qe3 31. Qg1 Qxg1+ 32. Kxg1 b5 33. Kf2 Nc7 34. Nd4 b4 35. Nd1 Nb5 36. Nxb5 Bxb5 37. Ke3 f6 38. gxf6 gxf6 39. Nb2 Kg7 40. Bf3 Na4 41. Nxa4 Bxa4 42. Kd4 Bd7 43. h4 Kg6 44. Be4+ Kh5 45. Bxh7 Bb5 46. Bc2 Kxh4 47. Ke4 Bd7 48. Bd1 Kg3 49. Ke3 Bf5 50. Ba4 Bg4 51. Bc2 Bf3 52. Bb3 Kg4 53. Bc4 Bd1 54. Kd2 Ba4 55. Ke3 b3 56. Be2+ Kg3 57. Bd3 b2 58. Bb1 Bb3 59. Ke4 Kg4 60. Kd4 Kxf4 0-1

[Event "Paleochora op 5th"]
[Site "Paleochora"]
[Date "2012.07.23"]
[Round "9"]
[White "Liargovas, Dimitrios"]
[Black "Mansour, Sameer"]
[Result "0-1"]
[WhiteElo "1920"]
[BlackElo "2239"]
[PlyCount "82"]
[EventDate "2012.07.16"]
[EventType "swiss"]
[EventRounds "9"]
[EventCountry "GRE"]
[SourceTitle "CBM 149 Extra"]
[Source "ChessBase"]
[SourceDate "2012.08.24"]
[SourceVersion "1"]
[SourceVersionDate "2012.08.24"]
[SourceQuality "1"]

1. d4 Nf6 2. c4 e6 3. Nc3 Bb4 4. f3 d5 5. a3 Bxc3+ 6. bxc3 c5 7. cxd5 exd5 8. e3 Bf5 9. Bd3 Bxd3 10. Qxd3 0-0 11. Ne2 Nc6 12. 0-0 Re8 13. Nf4 Qa5 14. Ra2 Rac8 15. Re2 cxd4 16. cxd4 Qa4 17. g4 Red8 18. Qf5 Ne7 19. Qb1 Qa6 20. Rg2 Ng6 21. Nxg6 hxg6 22. h4 Rc6 23. a4 Rdc8 24. Bd2 Rb6 25. Qd1 Qd3 26. Qe2 Qa3 27. Qd1 Rb3 28. a5 Rb2 29. Bc1 Rxg2+ 30. Kxg2 Qxa5 31. Bd2 Qa2 32. Rf2 Qc4 33. Qb1 b6 34. Qb2 Nd7 35. Qa3 a5 36. Qe7 Nf8 37. h5 gxh5 38. gxh5 Qd3 39. Qe5 Rc2 40. Be1 Rc1 41. Rd2 Qb1 0-1

[Event "Heraklio op-A 11th"]
[Site "Heraklion"]
[Date "2007.06.11"]
[Round "3"]
[White "Kesoglou, Konstantinos"]
[Black "Liargovas, Dimitrios"]
[Result "1-0"]
[WhiteElo "2065"]
[BlackElo "1875"]
[PlyCount "89"]
[EventDate "2007.06.09"]
[EventType "swiss"]
[EventRounds "9"]
[EventCountry "GRE"]
[SourceTitle "EXT 2008"]
[Source "ChessBase"]
[SourceDate "2007.11.25"]
[SourceVersion "1"]
[SourceVersionDate "2007.11.25"]
[SourceQuality "1"]

1. e4 c5 2. Nc3 Nc6 3. g3 g6 4. Bg2 Bg7 5. d3 d6 6. f4 e6 7. Nf3 Nge7 8. 0-0 0-0 9. Rb1 Nd4 10. Ne2 Rb8 11. c3 Nxe2+ 12. Qxe2 b5 13. Be3 Qc7 14. Qf2 Nc6 15. d4 cxd4 16. Nxd4 Ne7 17. Qe2 Bd7 18. Bf2 e5 19. fxe5 dxe5 20. Nb3 Be6 21. Qe3 Bxb3 22. axb3 Nc8 23. Qc5 Qxc5 24. Bxc5 Rd8 25. Rfd1 Nb6 26. Bf1 Bf8 27. Bxf8 Kxf8 28. Bxb5 Nd5 29. exd5 Rxb5 30. c4 Rxb3 31. c5 e4 32. d6 Rd3 33. Rxd3 exd3 34. Rd1 Ke8 35. Rxd3 Kd7 36. Ra3 Kc6 37. b4 Ra8 38. Kf2 Kb5 39. Ra1 a6 40. Ke3 Re8+ 41. Kd4 Re2 42. Rd1 Re8 43. Kd5 f6 44. d7 Rd8 45. Kd6 1-0

[Event "Nikaia op 14th"]
[Site "Nikaia"]
[Date "2006.08.??"]
[Round "1"]
[White "Liargovas, Dimitrios"]
[Black "Luch, Michal"]
[Result "0-1"]
[WhiteElo "1440"]
[BlackElo "2356"]
[PlyCount "52"]
[EventDate "2006.08.??"]
[EventType "swiss"]
[EventRounds "9"]
[EventCountry "GRE"]
[SourceTitle "EXT 2008"]
[Source "ChessBase"]
[SourceDate "2007.11.25"]
[SourceVersion "1"]
[SourceVersionDate "2007.11.25"]
[SourceQuality "1"]

1. d4 Nf6 2. c4 g6 3. Nc3 Bg7 4. e4 d6 5. f3 0-0 6. Be3 Nc6 7. Nge2 a6 8. Qd2 Rb8 9. 0-0-0 b5 10. g4 bxc4 11. h4 Nb4 12. Ng3 c5 13. d5 Nxg4 14. fxg4 Bxc3 15. bxc3 Qa5 16. cxb4 Qa3+ 17. Kb1 c3 18. Qc1 Rxb4+ 19. Ka1 c2 20. Qxc2 Qxe3 21. Qd3 Qf2 22. Qc3 Bxg4 23. Rb1 Rxb1+ 24. Kxb1 Rb8+ 25. Ka1 Bf3 26. Rh3 Bxe4 0-1

[Event "Heraclion op 10th"]
[Site "Athens"]
[Date "2006.06.12"]
[Round "3"]
[White "Liargovas, Dimitrios"]
[Black "Papadimitriou, Athanasios"]
[Result "0-1"]
[WhiteElo "1683"]
[BlackElo "1972"]
[PlyCount "88"]
[EventDate "2006.06.10"]
[EventType "swiss"]
[EventRounds "9"]
[EventCountry "GRE"]
[SourceTitle "CBM 112 Extra"]
[Source "ChessBase"]
[SourceDate "2006.07.14"]
[SourceVersion "1"]
[SourceVersionDate "2006.07.14"]
[SourceQuality "1"]

1. d4 c5 2. d5 e5 3. c4 d6 4. Nc3 g6 5. e4 a6 6. Bd3 Bg7 7. Nge2 Ne7 8. 0-0 0-0 9. Be3 f5 10. f3 f4 11. Bf2 g5 12. Nc1 Ng6 13. Kh1 Nd7 14. a3 Nf6 15. Be2 Bd7 16. b4 b6 17. Rb1 Qc7 18. Qb3 Rab8 19. Nd3 g4 20. Rfc1 h5 21. Bf1 h4 22. Be1 h3 23. Qa2 hxg2+ 24. Qxg2 Kf7 25. Be2 gxf3 26. Bxf3 Rh8 27. bxc5 bxc5 28. Rxb8 Rxb8 29. Rb1 Rxb1 30. Nxb1 Qb8 31. Qb2 Qxb2 32. Nxb2 Bg4 33. Kg2 Bh6 34. h3 Bh5 35. Nd2 Bg5 36. Bxh5 Nxh5 37. Nf3 Bd8 38. h4 Nf8 39. Kh3 Kg6 40. Ng5 Bxg5 41. hxg5 Nh7 42. Nd3 Nxg5+ 43. Kg4 Nf6+ 44. Kh4 Nf3+ 0-1